Cyclisme : Top 20 du Contre la Montre du Championnat du monde 2024 - Statistiques

Statistiques générales
  • Ce quiz a été pris 63 fois
  • Le résultat moyen est 10 sur 20
Statistiques - réponses
Position Pays Représenté Coureur % Correct
1er Belgique Remco Evenepoel
100%
2eme Italie Filippo Ganna
94%
8eme Suisse Stefan Kung
81%
11eme France Bruno Armirail
74%
4eme Royaume-Uni Joshua Tarling
74%
3eme Italie Edoardo Affini
72%
12eme Slovenie Primoz Roglic
62%
10eme USA Brandon McNulty
58%
15eme Portugal Nelson Oliveira
55%
7eme Norvege Tobias Foss
49%
5eme Australie Jay Vine
47%
9eme Belgique Victor Campenaerts
42%
6eme Danemark Kasper Asgreen
34%
14eme Danemark Mikkel Bjerg
30%
16eme Norvege Soren Waerenskjold
26%
17eme Pays Bas Daan Hoole
25%
13eme USA Magnus Scheffield
25%
19eme Canada Pierre-Andre Cote
11%
20eme Allemagne Miguel Heidemann
4%
18eme Colombie Walter Vargas
2%
Aucun quiz correspondant
Distribution des résultats
% des personnes avec chaque résultat
Percentile par nombre de réponses
Votre historique - résultats
Vous n’avez pas pris ce quiz